000 00394nam a2200169Ia 4500
001 858
003 IN-NITTTR
005 20251114232904.0
008 251113s9999||||xx |||||||||||||| ||eng||
040 _beng
040 _cIN-NITTTR
041 _aeng
082 _a669.9 D248P
100 _aDarken, Lawrence S.
245 0 _aPhysical chemistry of metals /
_cDarken, Lawrence S.
942 _2ddc
_cBK
999 _c687
_d687